Statistics for Biggest Cities Starting With A

Click here to take the quiz!

General Stats

  • This quiz has been taken 94,676 times
    (14,225 since last reset)
  • The average score is 14 of 20

Answer Stats

CountryPopulationCity% Correct
Greece3.58 milAthens
97%
Turkey5.15 milAnkara
95%
Netherlands2.53 milAmsterdam
94%
Algeria4.25 milAlgiers
91%
Egypt6.20 milAlexandria
88%
Ethiopia4.73 milAddis Ababa
87%
Jordan6.00 milAmman
85%
Ghana6.60 milAccra
84%
United States6.10 milAtlanta
81%
Paraguay2.15 milAsunción
79%
Nigeria2.90 milAbuja
77%
Madagascar3.05 milAntananarivo
73%
United States2.23 milAustin
67%
India9.60 milAhmedabad
61%
Syria1.94 milAleppo
61%
Ivory Coast6.80 milAbidjan
58%
Kazakhstan2.63 milAlmaty
58%
India2.55 milAgra
53%
China2.35 milAnshan
13%
India2.03 milAurangabad
10%

Score Distribution

Percentile by Number Answered

Percent of People with Each Score

Your Score History

You have not taken this quiz since the last reset